000 00729nam a2200217 4500
001 107614
003 ES-MaACL
005 20230906184445.0
007 t|
008 061121s1956 sp r ||||1| spa d
100 1 _aMosca, Giovanni.
_983738
245 1 0 _aNo es verdad que sea la muerte
_b: novela con acompañamiento de poesías de los mejores escritores italianos /
_cGiovanni Mosca; traducción de Manuel Casado Nieto.
250 _a1ª. ed.
260 _aBarcelona :
_bJosé Janes,
_c1956.
300 _a238 p. ;
_c17 cm.
490 1 _aEl club de los lectores
700 1 _aCasado Nieto, Manuel.
_936023
830 0 _aEl club de los lectores
_9181015
852 _aES-MaACL
_jC-11674
_bR.39403
999 _c107614
_d107614